<?xml version="1.0" encoding="UTF-8"?>
<record
    xmlns:xsi="http://www.w3.org/2001/XMLSchema-instance"
    xsi:schemaLocation="http://www.loc.gov/MARC21/slim http://www.loc.gov/standards/marcxml/schema/MARC21slim.xsd"
    xmlns="http://www.loc.gov/MARC21/slim">

  <leader>01565cam a2200325 a 4500</leader>
  <controlfield tag="001">31682</controlfield>
  <controlfield tag="003">BD-RjUL</controlfield>
  <controlfield tag="005">20211209051732.0</controlfield>
  <controlfield tag="008">140327s1963    enkabf        001 0 eng d</controlfield>
  <datafield tag="035" ind1=" " ind2=" ">
    <subfield code="a">(BD-RjUL)31770</subfield>
  </datafield>
  <datafield tag="040" ind1=" " ind2=" ">
    <subfield code="a">YMM</subfield>
    <subfield code="c">YMM</subfield>
    <subfield code="d">TQG</subfield>
    <subfield code="d">UKM</subfield>
    <subfield code="d">BD-RjUL</subfield>
    <subfield code="b">eng</subfield>
  </datafield>
  <datafield tag="041" ind1=" " ind2=" ">
    <subfield code="a">eng</subfield>
  </datafield>
  <datafield tag="082" ind1="0" ind2="0">
    <subfield code="a">909</subfield>
    <subfield code="b">INH V-2 Pt.1  </subfield>
  </datafield>
  <datafield tag="110" ind1=" " ind2=" ">
    <subfield code="a">International Commission for a History of the Scientific and Cultural Development of Mankind.</subfield>
    <subfield code="9">96283</subfield>
  </datafield>
  <datafield tag="245" ind1="1" ind2="0">
    <subfield code="a">History of Mankind :</subfield>
    <subfield code="b">Cultural and Scientific Development /</subfield>
    <subfield code="c">by International Commission for a History of the Scientific and Cultural Development of Mankind ; Luigi Pareti ; Assisted by Paolo Brezzi and Luciano Petech ; translated from the Italian by Guy E.F. Chilver and Sylvia Chilver.</subfield>
    <subfield code="n">Volume II  :</subfield>
    <subfield code="p">The Ancient World, 1200 BC to AD 500.</subfield>
    <subfield code="n">Part One :</subfield>
    <subfield code="p">from about 1200 BC to about 500 BC.</subfield>
  </datafield>
  <datafield tag="260" ind1=" " ind2=" ">
    <subfield code="a">London :</subfield>
    <subfield code="b">Allen and Unwin,</subfield>
    <subfield code="c">c1965 .</subfield>
  </datafield>
  <datafield tag="300" ind1=" " ind2=" ">
    <subfield code="a">xxxiv, 313 p. :</subfield>
    <subfield code="b">ill. ;</subfield>
    <subfield code="c">25 cm.</subfield>
  </datafield>
  <datafield tag="490" ind1="1" ind2=" ">
    <subfield code="a">History of mankind; cultural and scientific development ;</subfield>
    <subfield code="v">V-2, Part 1</subfield>
  </datafield>
  <datafield tag="500" ind1=" " ind2=" ">
    <subfield code="a">"prepared under the auspices and with Financial Assistance of the UNESCO" </subfield>
  </datafield>
  <datafield tag="504" ind1=" " ind2=" ">
    <subfield code="a">Includes Bibliographical notes.</subfield>
  </datafield>
  <datafield tag="650" ind1=" " ind2="0">
    <subfield code="a">World History</subfield>
    <subfield code="9">85347</subfield>
  </datafield>
  <datafield tag="700" ind1="1" ind2=" ">
    <subfield code="a">Pareti, Luigi</subfield>
    <subfield code="9">96413</subfield>
  </datafield>
  <datafield tag="700" ind1="1" ind2=" ">
    <subfield code="a">Brezzi, Paolo , Jt. auth.</subfield>
    <subfield code="9">96414</subfield>
  </datafield>
  <datafield tag="700" ind1="1" ind2=" ">
    <subfield code="a">Petech, Liciano, Jt. auth.</subfield>
    <subfield code="9">96415</subfield>
  </datafield>
  <datafield tag="700" ind1="1" ind2=" ">
    <subfield code="a">Chilver, E. F. , tr.</subfield>
    <subfield code="9">96416</subfield>
  </datafield>
  <datafield tag="700" ind1="1" ind2=" ">
    <subfield code="a">Chilver, Sylvia , tr.</subfield>
    <subfield code="9">96417</subfield>
  </datafield>
  <datafield tag="830" ind1=" " ind2="0">
    <subfield code="a">History of mankind; cultural and scientific development ; V-2, Part 1</subfield>
    <subfield code="9">96507</subfield>
  </datafield>
  <datafield tag="942" ind1=" " ind2=" ">
    <subfield code="2">ddc</subfield>
    <subfield code="c">BK</subfield>
  </datafield>
  <datafield tag="999" ind1=" " ind2=" ">
    <subfield code="c">31682</subfield>
    <subfield code="d">31682</subfield>
  </datafield>
  <datafield tag="952" ind1=" " ind2=" ">
    <subfield code="0">0</subfield>
    <subfield code="1">0</subfield>
    <subfield code="2">ddc</subfield>
    <subfield code="4">0</subfield>
    <subfield code="7">1</subfield>
    <subfield code="8">NFIC</subfield>
    <subfield code="a">RUCL</subfield>
    <subfield code="b">RUCL</subfield>
    <subfield code="c">Reading</subfield>
    <subfield code="d">1964-08-27</subfield>
    <subfield code="e">Zeittlinger</subfield>
    <subfield code="g">126.00</subfield>
    <subfield code="l">0</subfield>
    <subfield code="o">909 INH V-2 Pt.1 1965</subfield>
    <subfield code="r">2014-04-21 00:00:00</subfield>
    <subfield code="t">C-1</subfield>
    <subfield code="w">2021-12-09</subfield>
    <subfield code="y">BK</subfield>
  </datafield>
</record>
